[Event "Championnat de France - Open C"]
[Site "Aix-les-Bains"]
[Date "2007.08.25"]
[Round "11.10"]
[White "Della Ragione, Enzo"]
[Black "Pouchon, Joffrey"]
[Result "0-1"]
[WhiteElo "1592"]
[BlackElo "1770"]
[PlyCount "100"]
[EventDate "2007.??.??"]

1. c4 Nf6 2. Nc3 g6 3. g3 c5 4. Bg2 Nc6 5. Nf3 Bg7 6. O-O O-O 7. d3 d6 8. Bf4
Re8 9. Qd2 Bd7 10. Rab1 a6 11. a3 Rb8 12. Rfc1 Qa5 13. Na2 Qxd2 14. Nxd2 Nd4
15. Nc3 b5 16. e3 Ne6 17. Nde4 bxc4 18. dxc4 Nxe4 19. Bxe4 g5 20. Bxg5 Nxg5 21.
Bg2 f5 22. h4 Nf7 23. b4 cxb4 24. axb4 Ne5 25. Nd5 e6 26. Nc7 Rec8 27. Nxa6 Rb6
28. c5 Rxa6 29. Bb7 Rac6 30. Bxc8 Rxc8 31. cxd6 Rb8 32. Rd1 Nc4 33. Rd3 Bf8 34.
Rd4 Nxd6 35. Rbd1 Rb6 36. f3 Kf7 37. e4 Bb5 38. exf5 Nxf5 39. Rg4 Ne3 40. Rf4+
Ke7 41. Ra1 Rb7 42. Ra8 Bh6 43. Rd4 Nf5 44. Rg4 Bc6 45. Kf2 Be3+ 46. Ke2 Bb5+
47. Ke1 Bd4 48. Rag8 Nh6 49. R4g7+ Bxg7 50. Rxg7+ Nf7 0-1